[Event "World Prestigious University 2019"]
[Site "Tianjin"]
[Date "2019.11.27"]
[Round "6.2"]
[White "Li, Yankai"]
[Black "Lei, Sean"]
[Result "1-0"]
[WhiteElo "2432"]
[BlackElo "1895"]
[PlyCount "69"]
[EventDate "2019.11.26"]
[EventType "team-tourn"]
[EventCountry "CHN"]
[TimeControl "1500+10"]
[WhiteClock "0:11:44"]
[BlackClock "0:13:18"]

1. e4 {[%emt 0:00:00]} d6 {[%emt 0:00:00]} 2. d4 {[%emt 0:00:00]} Nf6 {[%emt 0:00:00]} 3. Nc3 {[%emt 0:00:00]} Nbd7 {[%emt 0:00:00]} 4. Nf3 {[%emt 0:00:00]} e5 {[%emt 0:00:00]} 5. Bc4 {[%emt 0:00:00]} Be7 {[%emt 0:00:00]} 6. a4 {[%emt 0:00:08]} c6 {[%emt 0:00:00]} 7. O-O {[%emt 0:00:24]} O-O {[%emt 0:00:02]} 8. Re1 {[%emt 0:00:26]} b6 {[%emt 0:00:05]} 9. Ba2 {[%emt 0:01:48]} a6 {[%emt 0:00:13]} 10. Bg5 {[%emt 0:01:29]} Rb8 {[%emt 0:01:17]} 11. dxe5 {[%emt 0:00:51]} dxe5 {[%emt 0:02:38]} 12. Bxf6 {[%emt 0:00:53]} Bxf6 {[%emt 0:00:03]} 13. Qd6 {[%emt 0:00:16]} Bb7 {[%emt 0:01:03]} 14. Red1 {[%emt 0:00:54]} Nc5 {[%emt 0:01:34]} 15. b4 {[%emt 0:00:06]} Qc8 {[%emt 0:00:46]} 16. Nxe5 {[%emt 0:03:12]} Ne6 {[%emt 0:07:28]} 17. Bxe6 {[%emt 0:02:55]} fxe6 {[%emt 0:00:26]} 18. Ra3 {[%emt 0:00:04]} Rd8 {[%emt 0:00:16]} 19. Nd7 {[%emt 0:00:02]} Kf7 {[%emt 0:00:35]} 20. Qxb8 {[%emt 0:00:49]} Rxd7 {[%emt 0:00:04]} 21. Qxc8 {[%emt 0:00:17]} Bxc8 {[%emt 0:00:07]} 22. Rxd7+ {[%emt 0:00:14]} Bxd7 {[%emt 0:00:02]} 23. Nd1 {[%emt 0:00:17]} Be5 {[%emt 0:00:16]} 24. Ne3 {[%emt 0:00:14]} Ke7 {[%emt 0:00:21]} 25. Nc4 {[%emt 0:01:27]} Bc7 {[%emt 0:00:02]} 26. a5 {[%emt 0:00:08]} b5 {[%emt 0:00:04]} 27. Nb6 {[%emt 0:00:01]} Be8 {[%emt 0:00:05]} 28. Rd3 {[%emt 0:00:02]} Kf6 {[%emt 0:00:26]} 29. Nd7+ {[%emt 0:00:05]} Bxd7 {[%emt 0:00:50]} 30. Rxd7 {[%emt 0:00:01]} Be5 {[%emt 0:00:01]} 31. Ra7 {[%emt 0:00:02]} Bc3 {[%emt 0:00:02]} 32. Rxa6 {[%emt 0:00:02]} Bxb4 {[%emt 0:00:03]} 33. Rxc6 {[%emt 0:00:22]} Bxa5 {[%emt 0:00:02]} 34. Rc5 {[%emt 0:00:02]} Bd2 {[%emt 0:00:05]} 35. Rxb5 {[%emt 0:00:01]} 1-0

[Event "World Prestigious University 2019"]
[Site "Tianjin"]
[Date "2019.11.27"]
[Round "6.3"]
[White "Zhou, Qiyu"]
[Black "Xiao, Yiyi"]
[Result "0-1"]
[WhiteElo "2216"]
[BlackElo "2306"]
[PlyCount "100"]
[EventDate "2019.11.26"]
[EventType "team-tourn"]
[EventCountry "CHN"]
[TimeControl "1500+10"]
[WhiteClock "0:00:38"]
[BlackClock "0:00:24"]

1. e4 {[%emt 0:00:00]} e5 {[%emt 0:00:08]} 2. Nf3 {[%emt 0:00:00]} Nc6 {[%emt 0:00:02]} 3. Bb5 {[%emt 0:00:00]} Nf6 {[%emt 0:00:07]} 4. d3 {[%emt 0:00:00]} Bc5 {[%emt 0:00:14]} 5. c3 {[%emt 0:00:00]} O-O {[%emt 0:00:27]} 6. O-O {[%emt 0:00:01]} d6 {[%emt 0:00:13]} 7. h3 {[%emt 0:00:08]} Bb6 {[%emt 0:00:30]} 8. Re1 {[%emt 0:00:13]} Ne7 {[%emt 0:00:37]} 9. Nbd2 {[%emt 0:00:27]} c6 {[%emt 0:00:41]} 10. Ba4 {[%emt 0:00:05]} Ng6 {[%emt 0:00:09]} 11. Nf1 {[%emt 0:00:08]} Nh5 {[%emt 0:03:00]} 12. d4 {[%emt 0:01:51]} h6 {[%emt 0:00:55]} 13. Be3 {[%emt 0:02:34]} Qf6 {[%emt 0:02:10]} 14. N1h2 {[%emt 0:05:38]} Nhf4 {[%emt 0:06:34]} 15. Ng4 {[%emt 0:00:11]} Qe7 {[%emt 0:00:58]} 16. Bc2 {[%emt 0:04:39]} h5 {[%emt 0:03:29]} 17. Ngh2 {[%emt 0:00:05]} Qf6 {[%emt 0:00:01]} 18. Qd2 {[%emt 0:01:21]} Re8 {[%emt 0:00:42]} 19. Rad1 {[%emt 0:00:12]} Be6 {[%emt 0:00:15]} 20. a4 {[%emt 0:01:27]} Rad8 {[%emt 0:00:18]} 21. Kh1 {[%emt 0:00:27]} Qe7 {[%emt 0:00:52]} 22. Qc1 {[%emt 0:00:33]} Bc8 {[%emt 0:00:42]} 23. b3 {[%emt 0:00:37]} Qf6 {[%emt 0:00:25]} 24. Qa1 {[%emt 0:02:02]} Bc7 {[%emt 0:01:37]} 25. c4 {[%emt 0:02:45]} Ba5 {[%emt 0:01:13]} 26. Bd2 {[%emt 0:00:22]} Bxd2 {[%emt 0:00:06]} 27. Rxd2 {[%emt 0:00:08]} exd4 {[%emt 0:01:19]} 28. Qxd4 {[%emt 0:00:17]} Ne5 {[%emt 0:00:06]} 29. Re3 {[%emt 0:00:51]} a5 {[%emt 0:01:02]} 30. Qb6 {[%emt 0:00:11]} Qg6 {[%emt 0:00:13]} 31. Ne1 {[%emt 0:00:26]} h4 {[%emt 0:00:29]} 32. Qxa5 {[%emt 0:00:06]} Be6 {[%emt 0:00:23]} 33. Qc3 {[%emt 0:00:02]} Bc8 {[%emt 0:00:20]} 34. a5 {[%emt 0:00:52]} Re6 {[%emt 0:00:09]} 35. c5 {[%emt 0:00:10]} Rde8 {[%emt 0:00:08]} 36. b4 {[%emt 0:00:54]} Qh6 {[%emt 0:00:06]} 37. Nhf3 {[%emt 0:00:41]} Nxf3 {[%emt 0:00:13]} 38. Rxf3 {[%emt 0:00:01]} d5 {[%emt 0:00:08]} 39. Qe3 {[%emt 0:00:17]} Rxe4 {[%emt 0:00:03]} 40. Bxe4 {[%emt 0:00:07]} Rxe4 {[%emt 0:00:01]} 41. Rxf4 {[%emt 0:00:23]} Rxe3 {[%emt 0:00:05]} 42. fxe3 {[%emt 0:00:01]} g5 {[%emt 0:00:13]} 43. Rf1 {[%emt 0:00:20]} Qe6 {[%emt 0:00:07]} 44. Rdf2 {[%emt 0:00:09]} Qxe3 {[%emt 0:00:25]} 45. Rxf7 {[%emt 0:00:02]} Be6 {[%emt 0:00:12]} 46. R7f3 {[%emt 0:00:22]} Qe2 {[%emt 0:00:05]} 47. Kg1 {[%emt 0:00:17]} d4 {[%emt 0:00:03]} 48. Nd3 {[%emt 0:00:23]} Bd5 {[%emt 0:00:12]} 49. Nc1 {[%emt 0:00:09]} Qd2 {[%emt 0:00:13]} 50. Rd3 {[%emt 0:00:01]} Qxg2# {[%emt 0:00:02]} 0-1

[Event "World Prestigious University 2019"]
[Site "Tianjin"]
[Date "2019.11.27"]
[Round "6.4"]
[White "Bibby, Simon"]
[Black "Green, Michael L"]
[Result "1-0"]
[WhiteElo "2167"]
[BlackElo "2073"]
[PlyCount "78"]
[EventDate "2019.11.26"]
[EventType "team-tourn"]
[EventCountry "CHN"]
[TimeControl "1500+10"]
[WhiteClock "0:00:11"]
[BlackClock "0:10:00"]

1. d4 {[%emt 0:00:00]} Nf6 {[%emt 0:00:00]} 2. Bg5 {[%emt 0:00:00]} c5 {[%emt 0:00:00]} 3. d5 {[%emt 0:00:00]} d6 {[%emt 0:00:29]} 4. Bxf6 {[%emt 0:00:53]} exf6 {[%emt 0:00:03]} 5. e4 {[%emt 0:00:26]} g6 {[%emt 0:00:07]} 6. Bb5+ {[%emt 0:01:55]} Nd7 {[%emt 0:00:29]} 7. a4 {[%emt 0:00:02]} a6 {[%emt 0:00:07]} 8. Be2 {[%emt 0:00:20]} Bg7 {[%emt 0:00:11]} 9. Nf3 {[%emt 0:00:03]} O-O {[%emt 0:00:28]} 10. O-O {[%emt 0:00:07]} f5 {[%emt 0:02:28]} 11. exf5 {[%emt 0:00:54]} Bxb2 {[%emt 0:00:03]} 12. Ra2 {[%emt 0:00:03]} Bg7 {[%emt 0:00:04]} 13. fxg6 {[%emt 0:00:12]} fxg6 {[%emt 0:00:28]} 14. Nbd2 {[%emt 0:00:23]} Nf6 {[%emt 0:01:54]} 15. Re1 {[%emt 0:02:35]} Nh5 {[%emt 0:03:06]} 16. g3 {[%emt 0:03:02]} Bc3 {[%emt 0:01:16]} 17. Ra3 {[%emt 0:00:32]} Qa5 {[%emt 0:01:52]} 18. Nc4 {[%emt 0:00:44]} Qb4 {[%emt 0:00:59]} 19. Rb3 {[%emt 0:00:05]} Bxe1 {[%emt 0:00:08]} 20. Rxb4 {[%emt 0:00:02]} Bxb4 {[%emt 0:00:03]} 21. Nxd6 {[%emt 0:00:40]} Bg4 {[%emt 0:08:02]} 22. Ng5 {[%emt 0:00:47]} Bxe2 {[%emt 0:00:58]} 23. Qxe2 {[%emt 0:00:01]} Ng7 {[%emt 0:01:12]} 24. Ne6 {[%emt 0:01:27]} Nxe6 {[%emt 0:00:25]} 25. dxe6 {[%emt 0:00:12]} c4 {[%emt 0:00:35]} 26. e7 {[%emt 0:00:47]} Bxd6 {[%emt 0:00:37]} 27. exf8=Q+ {[%emt 0:00:19]} Bxf8 {[%emt 0:00:15]} 28. Qxc4+ {[%emt 0:00:04]} Kh8 {[%emt 0:00:11]} 29. Qd5 {[%emt 0:00:13]} Rc8 {[%emt 0:00:15]} 30. c4 {[%emt 0:01:00]} b6 {[%emt 0:00:19]} 31. Qd4+ {[%emt 0:01:04]} Kg8 {[%emt 0:01:26]} 32. Qxb6 {[%emt 0:00:05]} Rc5 {[%emt 0:00:39]} 33. Qxa6 {[%emt 0:00:12]} Rf5 {[%emt 0:00:01]} 34. f4 {[%emt 0:00:13]} Bc5+ {[%emt 0:00:39]} 35. Kg2 {[%emt 0:00:02]} Kf7 {[%emt 0:00:23]} 36. Qc6 {[%emt 0:00:10]} Be7 {[%emt 0:00:07]} 37. h4 {[%emt 0:01:36]} Rc5 {[%emt 0:00:28]} 38. Qa6 {[%emt 0:00:04]} Bd8 {[%emt 0:00:22]} 39. Kf3 {[%emt 0:00:16]} Ra5 {[%emt 0:00:13]} 1-0

[Event "World Prestigious University 2019"]
[Site "Tianjin"]
[Date "2019.11.27"]
[Round "6.5"]
[White "Zhong, Wei"]
[Black "Hirao, Satoshi"]
[Result "0-1"]
[WhiteElo "1804"]
[BlackElo "1958"]
[PlyCount "79"]
[EventDate "2019.11.26"]
[EventType "team-tourn"]
[EventCountry "CHN"]
[TimeControl "1500+10"]
[WhiteClock "0:00:51"]
[BlackClock "0:00:11"]

1. e4 {[%emt 0:00:00]} e5 {[%emt 0:00:00]} 2. Nf3 {[%emt 0:00:06]} Nc6 {[%emt 0:00:00]} 3. Bc4 {[%emt 0:00:18]} Bc5 {[%emt 0:00:00]} 4. b4 {[%emt 0:02:38]} Bxb4 {[%emt 0:00:05]} 5. c3 {[%emt 0:00:07]} Ba5 {[%emt 0:00:05]} 6. d4 {[%emt 0:00:15]} exd4 {[%emt 0:00:10]} 7. O-O {[%emt 0:00:09]} Nf6 {[%emt 0:05:09]} 8. e5 {[%emt 0:04:39]} d5 {[%emt 0:01:55]} 9. Bb5 {[%emt 0:05:19]} Ne4 {[%emt 0:00:49]} 10. Qa4 {[%emt 0:06:19]} Bxc3 {[%emt 0:06:44]} 11. Nxc3 {[%emt 0:02:27]} Nxc3 {[%emt 0:03:04]} 12. Bxc6+ {[%emt 0:00:17]} bxc6 {[%emt 0:00:04]} 13. Qxc6+ {[%emt 0:00:07]} Bd7 {[%emt 0:00:16]} 14. Qc5 {[%emt 0:00:33]} Ne2+ {[%emt 0:02:39]} 15. Kh1 {[%emt 0:00:05]} Nxc1 {[%emt 0:00:16]} 16. Raxc1 {[%emt 0:00:19]} Qe7 {[%emt 0:01:33]} 17. Qxd5 {[%emt 0:01:16]} c6 {[%emt 0:00:37]} 18. Rxc6 {[%emt 0:00:49]} O-O {[%emt 0:00:13]} 19. Rd6 {[%emt 0:00:19]} Be6 {[%emt 0:00:29]} 20. Qxd4 {[%emt 0:00:09]} Bxa2 {[%emt 0:00:31]} 21. Ra1 {[%emt 0:00:41]} Be6 {[%emt 0:00:16]} 22. Rda6 {[%emt 0:00:16]} Rfd8 {[%emt 0:00:15]} 23. Qe3 {[%emt 0:00:28]} Rd7 {[%emt 0:02:08]} 24. h3 {[%emt 0:00:23]} h6 {[%emt 0:00:47]} 25. Nd4 {[%emt 0:00:25]} Bd5 {[%emt 0:00:39]} 26. Nf5 {[%emt 0:00:41]} Qg5 {[%emt 0:00:14]} 27. Qxg5 {[%emt 0:00:11]} hxg5 {[%emt 0:00:02]} 28. Kh2 {[%emt 0:00:13]} Bc4 {[%emt 0:00:20]} 29. Rd6 {[%emt 0:00:09]} Rxd6 {[%emt 0:00:06]} 30. exd6 {[%emt 0:00:04]} Be6 {[%emt 0:00:08]} 31. Ne7+ {[%emt 0:00:12]} Kf8 {[%emt 0:00:01]} 32. Nc6 {[%emt 0:00:02]} a6 {[%emt 0:00:16]} 33. Rd1 {[%emt 0:00:06]} Ke8 {[%emt 0:00:04]} 34. Kg3 {[%emt 0:00:20]} f6 {[%emt 0:00:07]} 35. h4 {[%emt 0:00:13]} gxh4+ {[%emt 0:00:04]} 36. Kxh4 {[%emt 0:00:02]} a5 {[%emt 0:00:02]} 37. Nd4 {[%emt 0:00:20]} Bd7 {[%emt 0:00:06]} 38. g4 {[%emt 0:00:04]} Ra6 {[%emt 0:00:14]} 39. Kh5 {[%emt 0:00:18]} Rxd6 {[%emt 0:00:11]} 40. f3 {[%emt 0:00:11]} 0-1

[Event "World Prestigious University 2019"]
[Site "Tianjin"]
[Date "2019.11.27"]
[Round "6.6"]
[White "Balashov, Yuri S"]
[Black "Serbanescu, Diana-Maria"]
[Result "0-1"]
[WhiteElo "2465"]
[BlackElo "1990"]
[PlyCount "60"]
[EventDate "2019.11.26"]
[EventType "team-tourn"]
[EventCountry "CHN"]
[TimeControl "1500+10"]
[WhiteClock "0:05:17"]
[BlackClock "0:00:22"]

1. e4 {[%emt 0:00:00]} d6 {[%emt 0:00:00]} 2. d4 {[%emt 0:00:05]} Nf6 {[%emt 0:00:00]} 3. Nc3 {[%emt 0:00:06]} e5 {[%emt 0:00:01]} 4. Nf3 {[%emt 0:00:10]} Nbd7 {[%emt 0:00:02]} 5. g3 {[%emt 0:00:23]} g6 {[%emt 0:00:52]} 6. Bg2 {[%emt 0:00:27]} Bg7 {[%emt 0:00:01]} 7. O-O {[%emt 0:00:09]} O-O {[%emt 0:00:08]} 8. a4 {[%emt 0:01:01]} h6 {[%emt 0:00:54]} 9. Re1 {[%emt 0:00:21]} Kh7 {[%emt 0:00:08]} 10. b3 {[%emt 0:00:35]} a6 {[%emt 0:00:17]} 11. Ba3 {[%emt 0:00:22]} Re8 {[%emt 0:00:03]} 12. Qd2 {[%emt 0:01:47]} Rb8 {[%emt 0:04:13]} 13. Rad1 {[%emt 0:02:22]} b5 {[%emt 0:00:47]} 14. axb5 {[%emt 0:02:43]} axb5 {[%emt 0:00:02]} 15. b4 {[%emt 0:01:48]} exd4 {[%emt 0:05:20]} 16. Nxd4 {[%emt 0:01:02]} Ne5 {[%emt 0:00:01]} 17. Qc1 {[%emt 0:02:21]} Bd7 {[%emt 0:00:13]} 18. Bf1 {[%emt 0:02:37]} Qc8 {[%emt 0:05:42]} 19. f3 {[%emt 0:06:57]} c5 {[%emt 0:00:31]} 20. Ndxb5 {[%emt 0:01:15]} Nxf3+ {[%emt 0:00:43]} 21. Kf2 {[%emt 0:00:06]} Bxb5 {[%emt 0:02:21]} 22. Kxf3 {[%emt 0:00:35]} Bxf1 {[%emt 0:00:16]} 23. Rxf1 {[%emt 0:00:32]} cxb4 {[%emt 0:00:02]} 24. Bxb4 {[%emt 0:00:42]} Rxb4 {[%emt 0:00:03]} 25. Qa3 {[%emt 0:00:09]} Rc4 {[%emt 0:00:35]} 26. Nb5 {[%emt 0:00:18]} Qg4+ {[%emt 0:00:14]} 27. Kg2 {[%emt 0:00:12]} Rxc2+ {[%emt 0:00:29]} 28. Rf2 {[%emt 0:00:24]} Rxf2+ {[%emt 0:00:04]} 29. Kxf2 {[%emt 0:00:02]} Qxd1 {[%emt 0:00:22]} 30. Nxd6 {[%emt 0:00:07]} Nxe4+ {[%emt 0:00:19]} 0-1

[Event "World Prestigious University 2019"]
[Site "Tianjin"]
[Date "2019.11.27"]
[Round "6.7"]
[White "Li, Ethan"]
[Black "Kukhmazov, Arsen"]
[Result "0-1"]
[WhiteElo "2209"]
[BlackElo "2377"]
[PlyCount "128"]
[EventDate "2019.11.26"]
[EventType "team-tourn"]
[EventCountry "CHN"]
[TimeControl "1500+10"]
[WhiteClock "0:00:29"]
[BlackClock "0:00:46"]

1. d4 {[%emt 0:00:00]} Nf6 {[%emt 0:00:00]} 2. c4 {[%emt 0:00:00]} e6 {[%emt 0:00:00]} 3. Nf3 {[%emt 0:00:00]} d5 {[%emt 0:00:00]} 4. g3 {[%emt 0:00:00]} Bb4+ {[%emt 0:00:00]} 5. Bd2 {[%emt 0:00:00]} Be7 {[%emt 0:00:00]} 6. Bg2 {[%emt 0:00:01]} O-O {[%emt 0:00:00]} 7. O-O {[%emt 0:00:02]} Nbd7 {[%emt 0:00:00]} 8. Qc2 {[%emt 0:00:02]} c6 {[%emt 0:00:00]} 9. Rd1 {[%emt 0:00:11]} b6 {[%emt 0:00:01]} 10. Bf4 {[%emt 0:00:15]} Ba6 {[%emt 0:00:07]} 11. Nbd2 {[%emt 0:01:49]} Nh5 {[%emt 0:00:12]} 12. Be3 {[%emt 0:00:06]} Rc8 {[%emt 0:00:02]} 13. Ne5 {[%emt 0:01:19]} Nhf6 {[%emt 0:02:36]} 14. Bf4 {[%emt 0:03:17]} Nxe5 {[%emt 0:04:12]} 15. dxe5 {[%emt 0:00:28]} Nd7 {[%emt 0:00:01]} 16. h4 {[%emt 0:01:12]} f6 {[%emt 0:04:29]} 17. Bh3 {[%emt 0:02:43]} f5 {[%emt 0:01:03]} 18. e4 {[%emt 0:02:09]} g6 {[%emt 0:08:06]} 19. exf5 {[%emt 0:04:25]} gxf5 {[%emt 0:00:00]} 20. Nf3 {[%emt 0:00:14]} Qe8 {[%emt 0:02:10]} 21. Nd4 {[%emt 0:02:29]} Bc5 {[%emt 0:00:01]} 22. b3 {[%emt 0:02:48]} Bxd4 {[%emt 0:01:44]} 23. Rxd4 {[%emt 0:00:01]} c5 {[%emt 0:00:07]} 24. Rdd1 {[%emt 0:00:23]} d4 {[%emt 0:00:01]} 25. Bg2 {[%emt 0:00:36]} Rc7 {[%emt 0:00:24]} 26. Bh6 {[%emt 0:00:05]} Rf7 {[%emt 0:00:06]} 27. Bf3 {[%emt 0:00:01]} Nxe5 {[%emt 0:00:11]} 28. Bh5 {[%emt 0:00:02]} Ng6 {[%emt 0:00:01]} 29. Bf4 {[%emt 0:00:32]} e5 {[%emt 0:00:14]} 30. Re1 {[%emt 0:00:09]} Rce7 {[%emt 0:00:01]} 31. Bg5 {[%emt 0:00:32]} Re6 {[%emt 0:00:00]} 32. Bf3 {[%emt 0:00:29]} e4 {[%emt 0:00:08]} 33. Bg2 {[%emt 0:00:01]} Bb7 {[%emt 0:00:10]} 34. a3 {[%emt 0:00:17]} Ne5 {[%emt 0:01:10]} 35. b4 {[%emt 0:00:22]} Nd3 {[%emt 0:00:54]} 36. Reb1 f4 {[%emt 0:00:36]} 37. bxc5 {[%emt 0:00:24]} fxg3 {[%emt 0:00:42]} 38. fxg3 {[%emt 0:00:16]} Rf2 {[%emt 0:00:13]} 39. Qd1 {[%emt 0:00:37]} Rxg2+ {[%emt 0:00:01]} 40. Kxg2 {[%emt 0:00:01]} e3+ {[%emt 0:00:01]} 41. Kh2 {[%emt 0:00:38]} Qc6 {[%emt 0:00:59]} 42. Ra2 {[%emt 0:00:01]} Nf2 {[%emt 0:00:40]} 43. Qf1 {[%emt 0:00:01]} Qf3 {[%emt 0:00:23]} 44. Re1 {[%emt 0:00:31]} Ng4+ {[%emt 0:00:12]} 45. Kh3 {[%emt 0:00:01]} Nf2+ {[%emt 0:00:14]} 46. Kh2 {[%emt 0:00:01]} bxc5 {[%emt 0:00:08]} 47. Rb2 {[%emt 0:00:29]} Bc6 {[%emt 0:00:01]} 48. Rb8+ {[%emt 0:01:14]} Kg7 {[%emt 0:00:00]} 49. Rc8 {[%emt 0:00:01]} e2 {[%emt 0:00:18]} 50. Rc7+ {[%emt 0:00:10]} Kg6 {[%emt 0:00:18]} 51. Qg1 {[%emt 0:00:01]} Ng4+ {[%emt 0:00:13]} 52. Kh3 {[%emt 0:00:01]} Nf2+ {[%emt 0:00:01]} 53. Kh2 {[%emt 0:00:02]} d3 {[%emt 0:00:13]} 54. Bf4 {[%emt 0:00:12]} h5 {[%emt 0:00:11]} 55. Bd2 {[%emt 0:00:37]} Ng4+ {[%emt 0:00:05]} 56. Kh3 {[%emt 0:00:01]} Nf2+ {[%emt 0:00:12]} 57. Kh2 {[%emt 0:00:01]} Ne4 {[%emt 0:00:18]} 58. Qe3 {[%emt 0:00:45]} Qxe3 {[%emt 0:00:08]} 59. Bxe3 {[%emt 0:00:01]} Nf6 {[%emt 0:00:04]} 60. Bf4 {[%emt 0:00:17]} Kf5 {[%emt 0:00:11]} 61. Rxa7 {[%emt 0:00:04]} Ke4 {[%emt 0:00:17]} 62. Rf7 {[%emt 0:00:42]} Kd4 {[%emt 0:00:07]} 63. Bc1 {[%emt 0:00:40]} Kxc4 {[%emt 0:00:02]} 64. Kh3 {[%emt 0:00:05]} Kc3 {[%emt 0:00:12]} 0-1

[Event "World Prestigious University 2019"]
[Site "Tianjin"]
[Date "2019.11.27"]
[Round "6.10"]
[White "Daniel, Karim Abbas"]
[Black "Weichao, Chu"]
[Result "1/2-1/2"]
[WhiteElo "2251"]
[BlackElo "2423"]
[PlyCount "95"]
[EventDate "2019.11.26"]
[EventType "team-tourn"]
[EventCountry "CHN"]
[TimeControl "1500+10"]
[WhiteClock "0:02:20"]
[BlackClock "0:00:39"]

1. e4 {[%emt 0:00:00]} c5 {[%emt 0:00:04]} 2. Nf3 {[%emt 0:00:00]} d6 {[%emt 0:00:01]} 3. Bb5+ {[%emt 0:00:00]} Bd7 {[%emt 0:00:02]} 4. c4 {[%emt 0:00:00]} Nc6 {[%emt 0:02:04]} 5. Nc3 {[%emt 0:00:46]} g6 {[%emt 0:00:08]} 6. Bxc6 {[%emt 0:00:07]} Bxc6 {[%emt 0:00:02]} 7. d4 {[%emt 0:00:01]} cxd4 {[%emt 0:00:12]} 8. Nxd4 {[%emt 0:00:06]} Bg7 {[%emt 0:00:05]} 9. O-O {[%emt 0:00:16]} Rc8 {[%emt 0:02:14]} 10. Be3 {[%emt 0:01:44]} Bd7 {[%emt 0:01:14]} 11. b3 {[%emt 0:01:46]} Nf6 {[%emt 0:00:18]} 12. h3 {[%emt 0:01:09]} O-O {[%emt 0:00:30]} 13. Rc1 {[%emt 0:00:12]} a6 {[%emt 0:00:03]} 14. Qd3 {[%emt 0:00:24]} Qa5 {[%emt 0:00:43]} 15. a4 {[%emt 0:01:18]} Rfe8 {[%emt 0:00:32]} 16. Nd5 {[%emt 0:02:29]} Nxd5 {[%emt 0:02:44]} 17. exd5 {[%emt 0:00:03]} e5 {[%emt 0:01:00]} 18. dxe6 {[%emt 0:00:05]} fxe6 {[%emt 0:00:02]} 19. Nf3 {[%emt 0:01:14]} Bc6 {[%emt 0:00:28]} 20. Nd4 {[%emt 0:00:56]} d5 {[%emt 0:00:50]} 21. Nxc6 {[%emt 0:01:36]} bxc6 {[%emt 0:00:24]} 22. Bd4 {[%emt 0:03:19]} Bxd4 {[%emt 0:04:03]} 23. Qxd4 {[%emt 0:00:02]} c5 {[%emt 0:00:02]} 24. Qe5 {[%emt 0:00:37]} d4 {[%emt 0:00:17]} 25. Rcd1 {[%emt 0:00:19]} Qc3 {[%emt 0:04:28]} 26. h4 {[%emt 0:01:00]} Qc2 {[%emt 0:01:36]} 27. b4 {[%emt 0:04:27]} Qxc4 {[%emt 0:01:17]} 28. bxc5 {[%emt 0:00:06]} d3 {[%emt 0:00:02]} 29. Qe3 {[%emt 0:00:51]} Red8 {[%emt 0:01:21]} 30. h5 {[%emt 0:01:59]} Qd5 {[%emt 0:00:34]} 31. hxg6 {[%emt 0:00:10]} hxg6 {[%emt 0:00:01]} 32. Rfe1 {[%emt 0:00:11]} Kg7 {[%emt 0:02:00]} 33. Qxe6 {[%emt 0:01:22]} Qxe6 {[%emt 0:00:03]} 34. Rxe6 {[%emt 0:00:02]} Rxc5 {[%emt 0:00:01]} 35. Rxa6 {[%emt 0:01:20]} d2 {[%emt 0:00:02]} 36. Kf1 {[%emt 0:00:17]} Rh5 {[%emt 0:00:02]} 37. Re6 {[%emt 0:00:21]} Rd4 {[%emt 0:00:43]} 38. Ke2 {[%emt 0:00:19]} Ra5 {[%emt 0:00:02]} 39. Rxd2 {[%emt 0:00:07]} Rxd2+ {[%emt 0:00:03]} 40. Kxd2 {[%emt 0:00:01]} Rxa4 {[%emt 0:00:01]} 41. Ke2 {[%emt 0:00:05]} Ra3 {[%emt 0:00:02]} 42. Re3 {[%emt 0:00:01]} Ra2+ {[%emt 0:00:01]} 43. Kf3 {[%emt 0:00:01]} Kf6 {[%emt 0:00:02]} 44. Rb3 {[%emt 0:00:04]} Rc2 {[%emt 0:00:02]} 45. Kg3 {[%emt 0:00:02]} Ra2 {[%emt 0:00:02]} 46. Rb6+ {[%emt 0:00:32]} Kf7 {[%emt 0:00:01]} 47. f3 {[%emt 0:00:24]} Rc2 {[%emt 0:00:02]} 48. Rb7+ {[%emt 0:00:10]} 1/2-1/2

[Event "World Prestigious University 2019"]
[Site "Tianjin"]
[Date "2019.11.27"]
[Round "6.11"]
[White "Wei, Siyu"]
[Black "Mihov, Filip"]
[Result "0-1"]
[WhiteElo "2106"]
[BlackElo "2191"]
[PlyCount "84"]
[EventDate "2019.11.26"]
[EventType "team-tourn"]
[EventCountry "CHN"]
[TimeControl "1500+10"]
[WhiteClock "0:02:33"]
[BlackClock "0:00:44"]

1. d4 {[%emt 0:00:00]} e6 {[%emt 0:00:00]} 2. Nf3 {[%emt 0:00:00]} b6 {[%emt 0:00:04]} 3. e4 {[%emt 0:00:27]} d5 {[%emt 0:00:45]} 4. e5 {[%emt 0:00:13]} Ne7 {[%emt 0:00:51]} 5. Bd3 {[%emt 0:01:13]} Ba6 {[%emt 0:00:05]} 6. Bxa6 {[%emt 0:00:55]} Nxa6 {[%emt 0:00:03]} 7. Nc3 {[%emt 0:00:59]} c5 {[%emt 0:00:22]} 8. Bg5 {[%emt 0:00:45]} Qd7 {[%emt 0:00:07]} 9. O-O {[%emt 0:00:53]} Nf5 {[%emt 0:01:07]} 10. Ne2 {[%emt 0:02:02]} Be7 {[%emt 0:01:10]} 11. Bxe7 {[%emt 0:00:05]} Nxe7 {[%emt 0:00:11]} 12. c3 {[%emt 0:00:17]} O-O {[%emt 0:00:04]} 13. Qd3 {[%emt 0:00:32]} Nc7 {[%emt 0:00:20]} 14. Ng5 {[%emt 0:00:18]} Ng6 {[%emt 0:01:10]} 15. f4 {[%emt 0:00:18]} Qb5 {[%emt 0:03:03]} 16. Qd2 {[%emt 0:02:07]} h6 {[%emt 0:01:00]} 17. Nf3 {[%emt 0:00:24]} Ne7 {[%emt 0:00:04]} 18. Nh4 {[%emt 0:01:35]} Nf5 {[%emt 0:02:13]} 19. Nxf5 {[%emt 0:00:37]} exf5 {[%emt 0:00:02]} 20. h3 {[%emt 0:01:28]} Ne6 {[%emt 0:03:22]} 21. g4 {[%emt 0:00:59]} fxg4 {[%emt 0:01:22]} 22. hxg4 {[%emt 0:00:02]} cxd4 {[%emt 0:00:01]} 23. cxd4 {[%emt 0:01:22]} Rac8 {[%emt 0:00:06]} 24. f5 {[%emt 0:02:10]} Ng5 {[%emt 0:00:07]} 25. Nc3 {[%emt 0:00:03]} Qc4 {[%emt 0:01:00]} 26. Rac1 {[%emt 0:00:50]} Rfd8 {[%emt 0:01:49]} 27. b3 {[%emt 0:03:47]} Qb4 {[%emt 0:00:07]} 28. Ne4 {[%emt 0:00:13]} Nf3+ {[%emt 0:00:43]} 29. Rxf3 {[%emt 0:00:16]} Qxd2 {[%emt 0:00:02]} 30. Nxd2 {[%emt 0:00:03]} Rxc1+ {[%emt 0:00:02]} 31. Nf1 {[%emt 0:00:21]} Rdc8 {[%emt 0:00:38]} 32. Kg2 {[%emt 0:00:31]} Rd1 {[%emt 0:00:08]} 33. Ne3 {[%emt 0:02:27]} Rxd4 {[%emt 0:00:23]} 34. e6 {[%emt 0:00:04]} fxe6 {[%emt 0:00:18]} 35. fxe6 {[%emt 0:00:02]} Re8 {[%emt 0:00:15]} 36. Nf5 {[%emt 0:01:54]} Rxg4+ {[%emt 0:00:04]} 37. Kh3 {[%emt 0:00:03]} Rg1 {[%emt 0:02:04]} 38. Re3 {[%emt 0:00:10]} Rg6 {[%emt 0:01:49]} 39. Nd4 {[%emt 0:00:31]} Kf8 {[%emt 0:00:10]} 40. Re5 {[%emt 0:00:16]} Rg5 {[%emt 0:00:31]} 41. Re3 {[%emt 0:00:01]} Ke7 {[%emt 0:00:12]} 42. Rc3 {[%emt 0:00:03]} Kf6 {[%emt 0:01:33]} 0-1